Statistiques concernant Culture Générale - Série 645

Cliquez ici pour prendre le quiz!

Statistiques générales

  • Ce quiz a été pris 124 fois
  • Le résultat moyen est 7 sur 10

Statistiques - réponses

QuestionRéponse% Correct
Quel président de la République française a dissous l’Assemblée nationale en avril 1997 ?Jacques Chirac
98%
Quel sandwich d'origine italienne, fait avec du pain blanc précuit, se mange grillé et chaud ?panini
85%
Complètez ce proverbe : "Tant va la cruche à l'eau qu'à la fin elle se...casse
80%
Quelle célèbre souris de bande dessinée a-t-on baptisée "Topolino" en Italie ?Mickey
76%
Quelle est la nationalité du footballeur Romario ?Brésilienne
73%
Comment s'appelle le sous-marin du capitaine Nemo dans "Vingt mille lieues sous les mers" ?Nautilus
65%
Quelle préparation à base d'oeufs a fait la réputation de la Mère Poulard ?omelette
62%
L'interprète de la chanson "Ca m'énerve" s'appelle Helmut...Fritz
55%
Dans une division, comment appelle-t-on le nombre qui est divisé par un autre ?dividende
53%
En 1994, lors de quel Grand Prix Ayrton Senna a-t-il été victime d'un accident fatal ?Saint-Marin
16%

Distribution des résultats

Percentile par nombre de réponses

% des personnes avec chaque résultat

Votre développement - résultats

Vous n’avez pas pris ce quiz